Statistics for brownfield land available for development (Record no. 73211)

MARC details
000 -LEADER
fixed length control field 01201cam a2200229 4500
001 - CONTROL NUMBER
control field WB3931-12
008 - FIXED-LENGTH DATA ELEMENTS--GENERAL INFORMATION
fixed length control field 030813n2003 000 0 eng u
035 ## - SYSTEM CONTROL NUMBER
System control number (Sirsi) u123260
245 ## - TITLE STATEMENT
Title Statistics for brownfield land available for development
260 ## - PUBLICATION, DISTRIBUTION, ETC.
Date of publication, distribution, etc. 2003
490 ## - SERIES STATEMENT
Series statement ODPM News Release
Volume/sequential designation (2003/0164) 7 August 2003 (2)
520 ## - SUMMARY, ETC.
Summary, etc. The "National Land Use Database of Previously-Developed Land for 2002" shows that the total amounts were very similar to those in 2001, showing 65 000 hectares of brownfield land available for development. The estimates are compiled from information on individual sites supplied by local authorities in England and give a snapshot for 31 March 2002. This is now an annual survey, initiated in 1998. More detailed results will be published in September 2003. Results from previous surveys can be found at http://nlud.org.uk. http://www.odpm.gov.uk/pns/DisplayPN.cgi?pn_id=2003_0164
590 ## - LOCAL NOTE (RLIN)
Local note WB
650 ## - SUBJECT ADDED ENTRY--TOPICAL TERM
Topical term or geographic name entry element BROWNFIELD SITES
650 ## - SUBJECT ADDED ENTRY--TOPICAL TERM
Topical term or geographic name entry element SURVEYS
650 ## - SUBJECT ADDED ENTRY--TOPICAL TERM
Topical term or geographic name entry element DATABASES
650 ## - SUBJECT ADDED ENTRY--TOPICAL TERM
Topical term or geographic name entry element Affordable housing
9 (RLIN) 6215
650 ## - SUBJECT ADDED ENTRY--TOPICAL TERM
Topical term or geographic name entry element NEW DEVELOPMENTS
650 ## - SUBJECT ADDED ENTRY--TOPICAL TERM
Topical term or geographic name entry element NATIONAL LAND USE DATABASE
690 ## - LOCAL SUBJECT ADDED ENTRY--TOPICAL TERM (OCLC, RLIN)
Topical term or geographic name as entry element PROPERTY-PROPERTY DEVELOPMENT
942 ## - ADDED ENTRY ELEMENTS (KOHA)
Suppress in OPAC 0
Holdings
Withdrawn status Lost status Source of classification or shelving scheme Damaged status Not for loan Home library Current library Shelving location Date acquired Total Checkouts Full call number Barcode Date last seen Copy number Price effective from Koha item type
    Dewey Decimal Classification     London London News article 13/08/2003   WB3931-12 123260-1001 06/08/2019 1 06/08/2019 News article